[Event "Vlissingen op 25th"]
[Site "Vlissingen"]
[Date "2023.08.05"]
[Round "1"]
[White "Van Roestel, Jan"]
[Black "Ter Sahakyan, Samvel"]
[Result "0-1"]
[WhiteElo "1846"]
[BlackElo "2609"]
[PlyCount "52"]
[EventDate "2023.08.05"]
[EventType "swiss"]
[EventRounds "9"]
[EventCountry "NED"]
[SourceTitle "CBM 215 Extra"]
[Source "ChessBase"]
[SourceDate "2023.09.30"]
[SourceVersion "1"]
[SourceVersionDate "2023.09.30"]
[SourceQuality "1"]

1. e4 c5 2. Nc3 d6 3. f4 g6 4. Nf3 Bg7 5. Bc4 Nc6 6. 0-0 e6 7. d3 Nge7 8. Qe1 0-0 9. Bb3 d5 10. e5 b6 11. g4 Ba6 12. a3 c4 13. dxc4 Na5 14. Ba2 Nxc4 15. Ne2 Nc6 16. c3 f6 17. Nfd4 Nxd4 18. Nxd4 Qd7 19. exf6 Rxf6 20. g5 Rf7 21. Rf3 Raf8 22. Bxc4 Bxc4 23. b3 Ba6 24. Qg3 e5 25. fxe5 Rxf3 26. Nxf3 Qf5 0-1